"Perelj uram perlőimmel..." Január 1945

Elmentve itt :
Bibliográfiai részletek
Szerző: BUSTYA Endre
Adatforrás:Meister
Forrásdokumentuma:Helikon. -
1 sz., 1995, 2 p.
Nyelv:magyar
Kulcsszavak:irodalomtörténet
politikai publicisztika
SZABÓ Dezső
LEADER 00398nab a2200145 i 4500
001 bibPRO00009533
008 060524s1995 xx hun
040 |a Sz1 
041 |a hun 
100 1 |a BUSTYA Endre 
245 1 1 |a "Perelj uram perlőimmel..." Január 1945  |c BUSTYA Endre 
695 |a irodalomtörténet 
695 |a politikai publicisztika 
695 |a SZABÓ Dezső 
773 0 |t Helikon. -  |g 1 sz., 1995, 2 p.